[Event "2. Bundesliga Ost 2015/2016"]
[Site "Wien"]
[Date "2015.10.18"]
[Round "2"]
[Board "5"]
[White "Ernst, Michael"]
[Black "Alvir, Aco"]
[Result "0-1"]
[WhiteElo "2163"]
[BlackElo "2368"]
[PlyCount "76"]
[EventDate "2015.10.17"]
[EventType "team"]
[EventRounds "11"]
[EventCountry "AUT"]
[WhiteTeam "ASVOE VHS Poechlarn"]
[BlackTeam "ASVOE Pamhagen"]

1. d4 c5 2. d5 Nf6 3. Nc3 g6 4. e4 d6 5. Nf3 Bg7 6. h3 O-O 7. Bd3 e6 8. O-O
exd5 9. exd5 Na6 10. Bg5 Qb6 11. Rb1 Nb4 12. Bc4 Bf5 13. Rc1 Rfe8 14. a3 Na6
15. Rb1 h6 16. Be3 Qd8 17. Bxa6 bxa6 18. Nd2 Qc7 19. Nc4 g5 20. Qd2 Nd7 21. h4
f6 22. b3 Re7 23. f3 Nb6 24. Nb2 Bxc2 25. Qxc2 Rxe3 26. Nc4 Nxc4 27. bxc4 f5
28. Nd1 Re5 29. hxg5 hxg5 30. Nf2 Qe7 31. Qa4 Re2 32. Qxa6 Bd4 33. Qc6 Re8 34.
Rb7 Qf6 35. g3 Qe5 36. Kg2 Bxf2 37. Qxe8+ Qxe8 38. Rxf2 Qe3 0-1

[Event "2. Bundesliga Ost 2015/2016"]
[Site "Wien"]
[Date "2015.10.18"]
[Round "2"]
[Board "6"]
[White "Horvath, Dominik"]
[Black "Schweitzer, Werner"]
[Result "0-1"]
[WhiteElo "2203"]
[BlackElo "2026"]
[PlyCount "94"]
[EventDate "2015.10.17"]
[EventType "team"]
[EventRounds "11"]
[EventCountry "AUT"]
[WhiteTeam "ASVOE Pamhagen"]
[BlackTeam "ASVOE VHS Poechlarn"]

1. Nf3 Nf6 2. c4 g6 3. Nc3 Bg7 4. e4 d6 5. d4 O-O 6. Be2 e5 7. O-O Nc6 8. d5
Ne7 9. b4 Nd7 10. Nd2 f5 11. a4 a5 12. Ba3 fxe4 13. Ndxe4 Nf6 14. bxa5 Bf5 15.
f3 Rxa5 16. Bb4 Ra8 17. c5 Bxe4 18. fxe4 Nc8 19. Qd3 dxc5 20. Bxc5 Nd6 21. Rab1
Qd7 22. Rb2 Nfe8 23. Rxf8+ Bxf8 24. h3 Nf6 25. Bf2 Bg7 26. Bg3 Qe7 27. Bh4 Qe8
28. Rb4 Nd7 29. Nb5 Nc5 30. Qc2 Nxb5 31. Rxb5 b6 32. a5 Bh6 33. axb6 Ra1+ 34.
Kh2 cxb6 35. Rxb6 Bf4+ 36. g3 Be3 37. Qb2 Bg1+ 38. Kg2 Qf7 39. Bf6 Nd7 40. Rc6
Bd4 41. Qc2 Nxf6 42. Rc8+ Ne8 43. Bb5 Rg1+ 44. Kh2 Qf3 45. Rxe8+ Kg7 46. Re7+
Kh6 47. Qd2+ Be3 0-1

[Event "2. Bundesliga Ost 2015/2016"]
[Site "Wien"]
[Date "2015.11.28"]
[Round "3"]
[Board "1"]
[White "Smolen, Jan"]
[Black "Sharashenidze, Akaki"]
[Result "1-0"]
[WhiteElo "2437"]
[BlackElo "2321"]
[PlyCount "73"]
[EventDate "2015.10.17"]
[EventType "team"]
[EventRounds "11"]
[EventCountry "AUT"]
[WhiteTeam "ASVOE Pamhagen"]
[BlackTeam "SK Advisory Invest Baden"]

1. Nf3 d5 2. c4 c6 3. d4 Nf6 4. Nc3 a6 5. Ne5 b5 6. cxd5 cxd5 7. Bf4 e6 8. Rc1
Bd6 9. e3 O-O 10. Bd3 Bb7 11. O-O Be7 12. a4 b4 13. Nb1 Ne4 14. f3 Nd6 15. Qc2
f5 16. Nd2 Bc8 17. Nb3 Ra7 18. Qc5 Ra8 19. Qxb4 g5 20. Bg3 f4 21. exf4 gxf4 22.
Bf2 Nc4 23. Qc3 Nxe5 24. dxe5 Nd7 25. Rfe1 Rb8 26. Qc2 Rf7 27. Nd4 Bc5 28. Nxe6
Bxf2+ 29. Qxf2 Qb6 30. Qxb6 Nxb6 31. Nd8 Rg7 32. e6 Kf8 33. Nc6 Ra8 34. a5 Nc4
35. Bxc4 dxc4 36. Rcd1 Bb7 37. e7+ 1-0

[Event "2. Bundesliga Ost 2015/2016"]
[Site "Wien"]
[Date "2015.11.28"]
[Round "3"]
[Board "2"]
[White "Fieberg, Samuel"]
[Black "Lipka, Juraj"]
[Result "1/2-1/2"]
[WhiteElo "2153"]
[BlackElo "2411"]
[PlyCount "85"]
[EventDate "2015.10.17"]
[EventType "team"]
[EventRounds "11"]
[EventCountry "AUT"]
[WhiteTeam "SK Advisory Invest Baden"]
[BlackTeam "ASVOE Pamhagen"]

1. e4 e6 2. Nf3 d5 3. Nc3 Nf6 4. e5 Nfd7 5. d4 c5 6. Bg5 Qb6 7. dxc5 Nxc5 8.
Rb1 Nc6 9. Be3 Qa5 10. Bb5 Nd7 11. O-O a6 12. Ba4 Be7 13. a3 Qc7 14. Re1 h6 15.
Nd4 Nc5 16. Nxc6 bxc6 17. Bxc5 Bxc5 18. Nxd5 exd5 19. Qxd5 Qa7 20. Bxc6+ Ke7
21. Bxa8 Bxf2+ 22. Kh1 Rd8 23. Qf3 Bxe1 24. Rxe1 Qd4 25. Rf1 Be6 26. Qb7+ Kf8
27. Qf3 Qxb2 28. Rd1 Rb8 29. Bd5 Qxe5 30. c4 Re8 31. h3 g6 32. Rf1 Rc8 33. Rb1
Kg7 34. Rd1 h5 35. Qf2 Qf6 36. Qa7 Bxd5 37. cxd5 Rd8 38. Qc7 Rd6 39. Qc4 Qe5
40. a4 Kg8 41. Qc5 Kg7 42. Qc4 Kg8 43. Qc5 1/2-1/2

[Event "2. Bundesliga Ost 2015/2016"]
[Site "Wien"]
[Date "2015.11.28"]
[Round "3"]
[Board "3"]
[White "Maslik, Miroslav"]
[Black "Juenger, Heinz"]
[Result "1-0"]
[WhiteElo "2333"]
[BlackElo "2123"]
[PlyCount "61"]
[EventDate "2015.10.17"]
[EventType "team"]
[EventRounds "11"]
[EventCountry "AUT"]
[WhiteTeam "ASVOE Pamhagen"]
[BlackTeam "SK Advisory Invest Baden"]

1. d4 Nf6 2. Bg5 Ne4 3. Bf4 c5 4. f3 Qa5+ 5. c3 Nf6 6. d5 Qb6 7. e4 Qxb2 8. Nd2
Qxc3 9. Bc7 d6 10. Ne2 Qe3 11. Rb1 Nbd7 12. Nc4 Qh6 13. Qa4 g6 14. Nb6 Bg7 15.
Nxa8 O-O 16. Ba5 Ne5 17. Qc2 Nxd5 18. Bd2 Qh4+ 19. Ng3 Be6 20. Qc1 h6 21. exd5
Bxd5 22. Nc7 Bxa2 23. Rxb7 f5 24. f4 Nc6 25. Bc4+ Bxc4 26. Qxc4+ Kh7 27. Ne6
Rf7 28. Ng5+ hxg5 29. Qxf7 Nd8 30. Qxe7 Nxb7 31. Bc3 1-0

[Event "2. Bundesliga Ost 2015/2016"]
[Site "Wien"]
[Date "2015.11.28"]
[Round "3"]
[Board "4"]
[White "Dzierzenga, Stefan"]
[Black "Jacko, Vladimir"]
[Result "1-0"]
[WhiteElo "2186"]
[BlackElo "2339"]
[PlyCount "65"]
[EventDate "2015.10.17"]
[EventType "team"]
[EventRounds "11"]
[EventCountry "AUT"]
[WhiteTeam "SK Advisory Invest Baden"]
[BlackTeam "ASVOE Pamhagen"]

1. e4 c5 2. Be2 g6 3. f4 Bg7 4. Nf3 Nc6 5. O-O Nf6 6. d3 O-O 7. c3 d6 8. Qe1 e6
9. Na3 Rb8 10. Nc2 b5 11. Bd2 a5 12. a3 Nd7 13. Rd1 b4 14. axb4 axb4 15. Ne3
bxc3 16. bxc3 Ba6 17. Rb1 Rxb1 18. Qxb1 Qc7 19. Qa2 Ra8 20. Qc2 Nf6 21. Rb1
Nxe4 22. dxe4 Bxe2 23. Kf2 Bxf3 24. Kxf3 Ne7 25. Qd3 Ra2 26. Be1 Ra8 27. Bh4
Rd8 28. Qa6 f6 29. Rb7 Qc6 30. Qa7 d5 31. Rxe7 dxe4+ 32. Kg3 Bf8 33. Rxh7 1-0

[Event "2. Bundesliga Ost 2015/2016"]
[Site "Wien"]
[Date "2015.11.28"]
[Round "3"]
[Board "5"]
[White "Vitouch, Anatol"]
[Black "Zojer, Stefan"]
[Result "1-0"]
[WhiteElo "2254"]
[BlackElo "2109"]
[PlyCount "49"]
[EventDate "2015.10.17"]
[EventType "team"]
[EventRounds "11"]
[EventCountry "AUT"]
[WhiteTeam "ASVOE Pamhagen"]
[BlackTeam "SK Advisory Invest Baden"]

1. g3 g6 2. Bg2 Bg7 3. c4 d6 4. Nc3 f5 5. d3 Nf6 6. e3 O-O 7. Nge2 e5 8. O-O
Kh8 9. Rb1 c6 10. b4 Be6 11. b5 d5 12. bxc6 bxc6 13. Ba3 Re8 14. cxd5 cxd5 15.
Qa4 Nbd7 16. Nb5 Nb6 17. Qa5 e4 18. Ned4 exd3 19. Nd6 Nc4 20. Qxd8 Raxd8 21.
Nxe6 Rxe6 22. Nf7+ Kg8 23. Nxd8 Re8 24. Nc6 Nxa3 25. Rb3 1-0

[Event "2. Bundesliga Ost 2015/2016"]
[Site "Wien"]
[Date "2015.11.28"]
[Round "3"]
[Board "6"]
[White "Trippold, Denise"]
[Black "Kuthan, Andreas"]
[Result "0-1"]
[WhiteElo "1982"]
[BlackElo "2214"]
[PlyCount "100"]
[EventDate "2015.10.17"]
[EventType "team"]
[EventRounds "11"]
[EventCountry "AUT"]
[WhiteTeam "SK Advisory Invest Baden"]
[BlackTeam "ASVOE Pamhagen"]

1. d4 Nf6 2. c4 g6 3. Nc3 Bg7 4. e4 d6 5. Nf3 O-O 6. h3 e5 7. d5 Na6 8. Be3 Nc5
9. Nd2 a5 10. g4 c6 11. Be2 Bd7 12. h4 a4 13. a3 Qa5 14. Kf1 cxd5 15. cxd5 b5
16. h5 Rac8 17. g5 Ne8 18. hxg6 fxg6 19. Na2 Nc7 20. Kg2 N7a6 21. Bg4 Qd8 22.
Qe2 Rf7 23. Rac1 Bf8 24. Nb4 Nb8 25. Bxd7 Qxd7 26. f3 Be7 27. Nf1 Rcf8 28. Nh2
Rxf3 29. Nxf3 Qg4+ 30. Kf1 Nxe4 31. Ke1 Ng3 32. Rg1 Nxe2 33. Rxg4 Nxc1 34. Nxe5
dxe5 35. Bxc1 Rd8 36. Bd2 Bxb4 37. Bxb4 Rxd5 38. Re4 Nc6 39. Bc3 Kf7 40. Kf2
Ke6 41. Rh4 Rd7 42. Rh3 Kf5 43. Rg3 e4 44. Ke2 Nd4+ 45. Bxd4 Rxd4 46. Rc3 Rc4
47. Rh3 Rc2+ 48. Ke3 Rxb2 49. Rxh7 Rb3+ 50. Kd4 Rxa3 0-1

[Event "2. Bundesliga Ost 2015/2016"]
[Site "Wien"]
[Date "2015.11.28"]
[Round "3"]
[Board "1"]
[White "Zilka, Stepan"]
[Black "Weinzettl, Ernst"]
[Result "1/2-1/2"]
[WhiteElo "2520"]
[BlackElo "2299"]
[PlyCount "70"]
[EventDate "2015.10.17"]
[EventType "team"]
[EventRounds "11"]
[EventCountry "AUT"]
[WhiteTeam "Blackburne Nickelsdorf"]
[BlackTeam "ASVOE VHS Poechlarn"]

1. d4 Nf6 2. c4 g6 3. Nc3 Bg7 4. e4 d6 5. Nf3 O-O 6. Be2 e5 7. O-O Nc6 8. Be3
Ng4 9. Bg5 f6 10. Bh4 Nh6 11. dxe5 dxe5 12. h3 g5 13. Bg3 g4 14. hxg4 Bxg4 15.
Ne1 Be6 16. Nc2 Rf7 17. Qxd8+ Rxd8 18. Rfd1 Rxd1+ 19. Rxd1 f5 20. Bd3 f4 21.
Bh4 Nd4 22. Nxd4 exd4 23. Ne2 Ng4 24. f3 Ne3 25. Rc1 Be5 26. b3 c5 27. Kf2 Kf8
28. Rg1 Ke8 29. Ke1 Bc7 30. g3 fxg3 31. Bxg3 Ba5+ 32. Kf2 Ng4+ 33. Kg2 Ne3+ 34.
Kf2 Ng4+ 35. Kg2 Ne3+ 1/2-1/2

[Event "2. Bundesliga Ost 2015/2016"]
[Site "Wien"]
[Date "2015.11.28"]
[Round "3"]
[Board "2"]
[White "Loeffler, Stefan"]
[Black "Schwarhofer, Christopher"]
[Result "1-0"]
[WhiteElo "2386"]
[BlackElo "2378"]
[PlyCount "43"]
[EventDate "2015.10.17"]
[EventType "team"]
[EventRounds "11"]
[EventCountry "AUT"]
[WhiteTeam "ASVOE VHS Poechlarn"]
[BlackTeam "Blackburne Nickelsdorf"]

1. d4 Nf6 2. c4 e6 3. g3 c5 4. Nf3 d5 5. cxd5 exd5 6. Bg2 Nc6 7. O-O Be6 8. Nc3
h6 9. b3 a6 10. Bb2 b5 11. dxc5 Bxc5 12. Rc1 Qb6 13. Nxd5 Nxd5 14. Qc2 Ncb4 15.
Qxc5 Nxa2 16. Qxb6 Nxb6 17. Rc6 Nc8 18. Nd4 Bd7 19. Ra1 Nb4 20. Rc5 Ra7 21. Bc3
a5 22. Bxb4 1-0

[Event "2. Bundesliga Ost 2015/2016"]
[Site "Wien"]
[Date "2015.11.28"]
[Round "3"]
[Board "3"]
[White "Lendwai, Reinhard"]
[Black "Ganaus, Hannes"]
[Result "1/2-1/2"]
[WhiteElo "2360"]
[BlackElo "2279"]
[PlyCount "89"]
[EventDate "2015.10.17"]
[EventType "team"]
[EventRounds "11"]
[EventCountry "AUT"]
[WhiteTeam "Blackburne Nickelsdorf"]
[BlackTeam "ASVOE VHS Poechlarn"]

1. d4 Nf6 2. c3 g6 3. Bg5 Bg7 4. Nd2 h6 5. Bh4 d6 6. e4 Nbd7 7. f4 O-O 8. Ngf3
c5 9. d5 Qc7 10. Bd3 c4 11. Bc2 b5 12. a3 Nh5 13. Bxe7 Re8 14. Bh4 Nxf4 15. O-O
Ne5 16. Nd4 Nfd3 17. Bxd3 Nxd3 18. Bf6 a6 19. Rb1 Bxf6 20. Rxf6 Qe7 21. Qf3 Bg4
22. Rxg6+ fxg6 23. Qxg4 Ne5 24. Qg3 Qg5 25. Qxg5 hxg5 26. Ne6 Ra7 27. Nxg5 Rf8
28. Ndf3 Re7 29. Nd4 Rf6 30. Re1 Nd3 31. Re2 Nf4 32. Rf2 Nxd5 33. Nc6 Re8 34.
Rd2 Nf4 35. h3 Nd3 36. Nb4 Nxb4 37. axb4 Re5 38. h4 Re7 39. Kh2 Kf8 40. Kg3 Ke8
41. Rd1 Kd8 42. Ra1 Ra7 43. Nh3 Re7 44. Ng5 Ra7 45. Nh3 1/2-1/2

[Event "2. Bundesliga Ost 2015/2016"]
[Site "Wien"]
[Date "2015.11.28"]
[Round "3"]
[Board "4"]
[White "Wilke, Werner"]
[Black "Pinter, Erik"]
[Result "1/2-1/2"]
[WhiteElo "2260"]
[BlackElo "2370"]
[PlyCount "140"]
[EventDate "2015.10.17"]
[EventType "team"]
[EventRounds "11"]
[EventCountry "AUT"]
[WhiteTeam "ASVOE VHS Poechlarn"]
[BlackTeam "Blackburne Nickelsdorf"]

1. e4 c5 2. Nf3 d6 3. Bb5+ Nd7 4. d4 Ngf6 5. Nc3 cxd4 6. Qxd4 a6 7. Bxd7+ Bxd7
8. Bg5 h6 9. Bxf6 gxf6 10. Nd5 Rc8 11. c3 Rg8 12. Nb6 Rc5 13. Nxd7 Qxd7 14. g3
Qb5 15. O-O-O Rc4 16. Qd3 Qa4 17. b3 Qa3+ 18. Kb1 Rc7 19. Rhe1 Qc5 20. Re3 e6
21. Nd2 Rd7 22. f4 h5 23. Nf3 Kd8 24. Qd2 Kc8 25. Rd3 Be7 26. c4 Rc7 27. f5 Rg4
28. Re1 Kb8 29. Nd4 Qe5 30. Qe3 d5 31. exd5 Bb4 32. Qxe5 fxe5 33. Rxe5 exd5 34.
Rxd5 h4 35. Nc2 Bc5 36. gxh4 Rxh4 37. h3 Rf4 38. Kb2 Be7 39. Ne3 Rf2+ 40. Rd2
Rf3 41. R5d3 Bf6+ 42. Kb1 Rc6 43. Nd5 Rxf5 44. Nxf6 Rcxf6 45. Re2 Rf2 46. Red2
Rf1+ 47. Kc2 Ka7 48. Kc3 Rh1 49. Re2 Rh6 50. Ree3 Rh4 51. Kb4 Kb6 52. Rf3 f5
53. Rxf5 R1xh3 54. Rd7 Rh7 55. c5+ Kc6 56. Rxh7 Rxh7 57. Rf6+ Kc7 58. Ka5 Rh3
59. Ka4 Rh2 60. a3 Rh4+ 61. Ka5 Rh3 62. Rb6 Rc3 63. Kb4 Rh3 64. a4 Rh5 65. Re6
Rh3 66. Rb6 Rh5 67. a5 Rh4+ 68. Ka3 Rh5 69. b4 Rh3+ 70. Ka4 Rc3 1/2-1/2

[Event "2. Bundesliga Ost 2015/2016"]
[Site "Wien"]
[Date "2015.11.28"]
[Round "3"]
[Board "5"]
[White "Vlcek, Stanislav"]
[Black "Ernst, Michael"]
[Result "1/2-1/2"]
[WhiteElo "2286"]
[BlackElo "2163"]
[PlyCount "103"]
[EventDate "2015.10.17"]
[EventType "team"]
[EventRounds "11"]
[EventCountry "AUT"]
[WhiteTeam "Blackburne Nickelsdorf"]
[BlackTeam "ASVOE VHS Poechlarn"]

1. e4 e5 2. Nf3 Nc6 3. Bb5 Bc5 4. O-O Nd4 5. Nxd4 Bxd4 6. c3 Bb6 7. d4 c6 8.
Ba4 d6 9. Qd3 Nf6 10. Bg5 h6 11. Bh4 O-O 12. Nd2 Qe7 13. Bc2 g5 14. Bg3 Nh5 15.
Nc4 Bc7 16. Ne3 Nf4 17. Qd2 Qf6 18. Rfe1 Ba5 19. Nc4 Bc7 20. b4 Be6 21. Ne3 Bb6
22. d5 cxd5 23. exd5 Bxe3 24. fxe3 Nxd5 25. Be4 Nb6 26. Bxb7 Rab8 27. Bc6 Qe7
28. e4 f6 29. a4 Rfd8 30. Bf2 Kg7 31. a5 Nc4 32. Qe2 Qc7 33. Ba4 d5 34. exd5
Rxd5 35. Rad1 Rbd8 36. Rxd5 Rxd5 37. Rd1 Rxd1+ 38. Bxd1 Nd6 39. Bc5 Nb7 40. Qb5
Bd7 41. Qc4 Nxc5 42. bxc5 Be8 43. a6 Bf7 44. Qb5 e4 45. c6 Qf4 46. Qe2 Bd5 47.
h3 Bxc6 48. Qc4 Qe3+ 49. Kh2 Qf4+ 50. Kg1 Qe3+ 51. Kh2 Qf4+ 52. Kg1 1/2-1/2

[Event "2. Bundesliga Ost 2015/2016"]
[Site "Wien"]
[Date "2015.11.28"]
[Round "3"]
[Board "6"]
[White "Gattermayer, Robert"]
[Black "Bachofner, Andreas"]
[Result "1/2-1/2"]
[WhiteElo "2007"]
[BlackElo "2201"]
[PlyCount "116"]
[EventDate "2015.10.17"]
[EventType "team"]
[EventRounds "11"]
[EventCountry "AUT"]
[WhiteTeam "ASVOE VHS Poechlarn"]
[BlackTeam "Blackburne Nickelsdorf"]

1. e4 e6 2. Qe2 c5 3. f4 Nc6 4. Nf3 Be7 5. Nc3 d5 6. d3 Nd4 7. Nxd4 cxd4 8. Nd1
dxe4 9. dxe4 Nf6 10. g3 Bd7 11. Bg2 Bc6 12. O-O Qb6 13. Nf2 Nd7 14. Nd3 Nc5 15.
Kh1 O-O 16. Rb1 a5 17. Bd2 Qa6 18. Rfe1 Bb5 19. Nxc5 Bxc5 20. Qh5 Rfc8 21. a3
Bf8 22. c3 g6 23. Qg4 Bg7 24. e5 Bc6 25. Qe2 Qxe2 26. Rxe2 Bxg2+ 27. Kxg2 dxc3
28. Bxc3 Rc4 29. Rd1 Bf8 30. Rd3 b5 31. Bd4 Rd8 32. Red2 Rd5 33. Kf3 h5 34. Ke3
b4 35. b3 Rc6 36. a4 Be7 37. Ba7 Rxd3+ 38. Rxd3 Kf8 39. Kd2 Ke8 40. Bd4 Bc5 41.
Bxc5 Rxc5 42. h3 Ke7 43. Rd4 g5 44. Ke3 gxf4+ 45. gxf4 f6 46. Ke4 h4 47. Rd3
Rc8 48. Kd4 Rg8 49. Ke4 Rg1 50. Rf3 Kf7 51. Kd4 Kg6 52. exf6 Kxf6 53. Ke4 Rd1
54. Re3 Rd5 55. Rf3 Rc5 56. Rd3 Rc1 57. Re3 Rf1 58. Rd3 Rc1 1/2-1/2

[Event "2. Bundesliga Ost 2015/2016"]
[Site "Wien"]
[Date "2015.11.28"]
[Round "3"]
[Board "1"]
[White "Pacher, Milan"]
[Black "Videki, Sandor"]
[Result "1/2-1/2"]
[WhiteElo "2471"]
[BlackElo "2400"]
[PlyCount "290"]
[EventDate "2015.10.17"]
[EventType "team"]
[EventRounds "11"]
[EventCountry "AUT"]
[WhiteTeam "SK Austria"]
[BlackTeam "SC Data Technology Pressbaum/E."]

1. e4 e6 2. d4 d5 3. Nc3 Bb4 4. e5 c5 5. a3 Ba5 6. b4 cxd4 7. Nb5 Bc7 8. f4 Bd7
9. Nf3 Bxb5 10. Bxb5+ Nc6 11. O-O Nge7 12. Bd3 Bb6 13. Kh1 Qd7 14. Rb1 h5 15.
a4 a5 16. bxa5 Bxa5 17. f5 Nxf5 18. Bxf5 exf5 19. Nxd4 Nxd4 20. Qxd4 O-O 21.
Ba3 Rfc8 22. Bd6 Rxc2 23. Qxd5 Qc6 24. Qxc6 Rxc6 25. Rxb7 Bb6 26. h3 Rxa4 27.
Rb1 Bf2 28. e6 fxe6 29. Be5 Ra7 30. Rxa7 Bxa7 31. Rb7 Bf2 32. Rxg7+ Kf8 33. g4
Bg3 34. Bf6 hxg4 35. hxg4 f4 36. Kg2 Rc2+ 37. Kf3 Rf2+ 38. Ke4 Re2+ 39. Kd3
Re3+ 40. Kd4 Be1 41. Rc7 Ba5 42. Rc6 Re2 43. Be5 f3 44. Rxe6 f2 45. Rf6+ Ke7
46. Kd3 Rxe5 47. Rxf2 Rd5+ 48. Ke4 Rb5 49. Rh2 Kf6 50. Rh6+ Kg7 51. Rh5 Rb4+
52. Kf5 Bc7 53. Rg5+ Kf7 54. Rh5 Rf4+ 55. Kg5 Kg7 56. Kh4 Rc4 57. Kg5 Bf4+ 58.
Kf5 Bc1 59. Rh1 Rc5+ 60. Ke4 Kg6 61. Rd1 Bb2 62. Rd6+ Bf6 63. Rd5 Rc4+ 64. Kf3
Bg5 65. Rd6+ Kf7 66. Rd5 Kf6 67. Rf5+ Kg6 68. Kg3 Rc3+ 69. Rf3 Bh4+ 70. Kg2
Rc2+ 71. Kh3 Bd8 72. Ra3 Bc7 73. Kh4 Bd8+ 74. Kg3 Kg5 75. Ra8 Bc7+ 76. Kf3 Rc4
77. Rf8 Kg6 78. Rh8 Be5 79. Re8 Kf6 80. Rg8 Rf4+ 81. Kg3 Rf1+ 82. Kg2 Re1 83.
Kf3 Kf7 84. Ra8 Rf1+ 85. Ke4 Bg3 86. Ra7+ Kg6 87. Ra8 Kg5 88. Rg8+ Kh4 89. g5
Kg4 90. g6 Re1+ 91. Kd5 Re5+ 92. Kd4 Re7 93. Ra8 Kf5 94. Rf8+ Ke6 95. Ke4 Bd6
96. Rf1 Ra7 97. Rg1 Be5 98. Rg5 Ra4+ 99. Kf3 Bg7 100. Rg1 Kf6 101. Rg2 Bh6 102.
Rg1 Ra7 103. Ke4 Bg5 104. Rf1+ Kxg6 105. Ke5 Re7+ 106. Kd5 Bf6 107. Rg1+ Kf7
108. Rg4 Rd7+ 109. Ke4 Ke6 110. Rf4 Ra7 111. Rg4 Rh7 112. Rf4 Rg7 113. Rf3 Be5
114. Rd3 Rg4+ 115. Kf3 Kf5 116. Re3 Rh4 117. Rd3 Bd4 118. Kg3 Re4 119. Kf3 Ke5
120. Rb3 Rf4+ 121. Kg3 Rf8 122. Kg4 Ke4 123. Rb4 Rg8+ 124. Kh4 Rg1 125. Ra4 Ke5
126. Kh3 Be3 127. Rg4 Ra1 128. Kg3 Ra3 129. Kf3 Bf4+ 130. Ke2 Ke4 131. Rg2 Rh3
132. Rf2 Rh4 133. Rg2 Be3 134. Kf1 Rh1+ 135. Ke2 Ra1 136. Rg4+ Bf4 137. Rg2 Rb1
138. Rf2 Bg3 139. Rg2 Rb3 140. Kf1 Rd3 141. Ke2 Ra3 142. Kf1 Bh4 143. Ke2 Bg3
144. Kf1 Kf3 145. Rf2+ Bxf2 1/2-1/2

[Event "2. Bundesliga Ost 2015/2016"]
[Site "Wien"]
[Date "2015.11.28"]
[Round "3"]
[Board "2"]
[White "Rumpl, Erwin"]
[Black "Hangweyrer, Manfred"]
[Result "1/2-1/2"]
[WhiteElo "2334"]
[BlackElo "2390"]
[PlyCount "70"]
[EventDate "2015.10.17"]
[EventType "team"]
[EventRounds "11"]
[EventCountry "AUT"]
[WhiteTeam "SC Data Technology Pressbaum/E."]
[BlackTeam "SK Austria"]

1. Nf3 d5 2. g3 g6 3. Bg2 Bg7 4. c4 dxc4 5. Na3 e5 6. O-O Nc6 7. Nxc4 e4 8. Ne1
Nf6 9. d3 O-O 10. Bg5 exd3 11. Nxd3 h6 12. Bd2 Nd5 13. Nf4 Nb6 14. Nxb6 axb6
15. Qc1 Nd4 16. e3 Nb3 17. axb3 Rxa1 18. Qxa1 Qxd2 19. Nd5 Be6 20. Nxc7 Bxb3
21. Qc1 Rd8 22. Bxb7 Qd7 23. Qc6 Be5 24. Nb5 Qxc6 25. Bxc6 Rd2 26. Nd4 Bxd4 27.
exd4 Rxd4 28. f4 Bd5 29. Bxd5 Rxd5 30. Rf3 Kg7 31. Rb3 b5 32. Kf2 Kf6 33. Ke3
Ke6 34. Ra3 Rd7 35. Rb3 Rd5 1/2-1/2

[Event "2. Bundesliga Ost 2015/2016"]
[Site "Wien"]
[Date "2015.11.28"]
[Round "3"]
[Board "3"]
[White "Plachetka, Jan"]
[Black "Neumeier, Klaus"]
[Result "1/2-1/2"]
[WhiteElo "2373"]
[BlackElo "2284"]
[PlyCount "59"]
[EventDate "2015.10.17"]
[EventType "team"]
[EventRounds "11"]
[EventCountry "AUT"]
[WhiteTeam "SK Austria"]
[BlackTeam "SC Data Technology Pressbaum/E."]

1. d4 Nf6 2. Nf3 c5 3. d5 e6 4. Nc3 exd5 5. Nxd5 Nxd5 6. Qxd5 Be7 7. e4 Nc6 8.
Bc4 O-O 9. Ng5 Bxg5 10. Bxg5 Qe8 11. O-O-O b6 12. Rhe1 Qe6 13. Qd3 Ne5 14. Bxe6
Nxd3+ 15. Rxd3 dxe6 16. e5 h6 17. Bh4 Bb7 18. f3 Bd5 19. b3 b5 20. Kb2 Rfc8 21.
Be7 c4 22. Rd4 a5 23. Re3 Ra6 24. bxc4 bxc4 25. Ra3 Rb8+ 26. Kc1 a4 27. h4 Rb7
28. Bd6 f5 29. h5 Kh7 30. Rd1 1/2-1/2

[Event "2. Bundesliga Ost 2015/2016"]
[Site "Wien"]
[Date "2015.11.28"]
[Round "3"]
[Board "4"]
[White "Weissenbeck, Manuel"]
[Black "Sardy, Peter"]
[Result "1-0"]
[WhiteElo "2246"]
[BlackElo "2351"]
[PlyCount "57"]
[EventDate "2015.10.17"]
[EventType "team"]
[EventRounds "11"]
[EventCountry "AUT"]
[WhiteTeam "SC Data Technology Pressbaum/E."]
[BlackTeam "SK Austria"]

1. d4 Nf6 2. Nf3 e6 3. c4 b6 4. Nc3 Bb7 5. e3 Bb4 6. Bd3 O-O 7. O-O d5 8. a3
Bxc3 9. bxc3 dxc4 10. Bxc4 Nbd7 11. Bb2 c5 12. Qe2 Qc7 13. Rac1 Rfe8 14. Bb5 a6
15. Bd3 Qc6 16. c4 Rad8 17. Rfd1 Qc8 18. Ne5 Nxe5 19. dxe5 Nd7 20. Bc2 Nf8 21.
Qg4 Rxd1+ 22. Rxd1 Rd8 23. Rd6 Rxd6 24. exd6 Ng6 25. h4 f5 26. Qg5 Qd7 27. h5
Nf8 28. Ba4 h6 29. Qe7 1-0

[Event "2. Bundesliga Ost 2015/2016"]
[Site "Wien"]
[Date "2015.11.28"]
[Round "3"]
[Board "5"]
[White "Nagy, Bence"]
[Black "Hechl, Gerald"]
[Result "1/2-1/2"]
[WhiteElo "2312"]
[BlackElo "2205"]
[PlyCount "42"]
[EventDate "2015.10.17"]
[EventType "team"]
[EventRounds "11"]
[EventCountry "AUT"]
[WhiteTeam "SK Austria"]
[BlackTeam "SC Data Technology Pressbaum/E."]

1. e4 c5 2. Nf3 e6 3. d4 cxd4 4. Nxd4 Bc5 5. Nb3 Bb6 6. Nc3 Ne7 7. Bd3 O-O 8.
O-O f5 9. Bg5 fxe4 10. Nxe4 d5 11. Ng3 Nbc6 12. Qh5 g6 13. Qh6 Rf7 14. Rad1 Ne5
15. Be2 Bd7 16. c3 Rc8 17. Nd4 Qf8 18. Qxf8+ Rcxf8 19. Kh1 Bxd4 20. cxd4 N5c6
21. f3 Kg7 1/2-1/2

[Event "2. Bundesliga Ost 2015/2016"]
[Site "Wien"]
[Date "2015.11.28"]
[Round "3"]
[Board "6"]
[White "Schmidrathner, Christian"]
[Black "Druckenthaner, Andreas"]
[Result "1/2-1/2"]
[WhiteElo "2078"]
[BlackElo "2314"]
[PlyCount "59"]
[EventDate "2015.10.17"]
[EventType "team"]
[EventRounds "11"]
[EventCountry "AUT"]
[WhiteTeam "SC Data Technology Pressbaum/E."]
[BlackTeam "SK Austria"]

1. e4 g6 2. d4 Bg7 3. f4 d6 4. Nf3 Bg4 5. Be2 Nf6 6. Nc3 O-O 7. O-O d5 8. e5
Ne4 9. Nxe4 dxe4 10. Ng5 Bxe2 11. Qxe2 Qxd4+ 12. Kh1 Rd8 13. Be3 Qa4 14. Bc5
Nc6 15. b3 Qa6 16. Qxa6 bxa6 17. Nxe4 f6 18. exf6 exf6 19. Rae1 f5 20. Ng5 Rd2
21. c4 Rxa2 22. Ne6 Bc3 23. Nxc7 Rc8 24. Re8+ Rxe8 25. Nxe8 Rb2 26. h3 Rxb3 27.
Rd1 Bb4 28. Rd7 Bxc5 29. Nf6+ Kf8 30. Nxh7+ 1/2-1/2

[Event "2. Bundesliga Ost 2015/2016"]
[Site "Wien"]
[Date "2015.11.28"]
[Round "3"]
[Board "1"]
[White "Petran, Peter"]
[Black "Biolek, Richard Jr."]
[Result "1/2-1/2"]
[WhiteElo "2360"]
[BlackElo "2445"]
[PlyCount "113"]
[EventDate "2015.10.17"]
[EventType "team"]
[EventRounds "11"]
[EventCountry "AUT"]
[WhiteTeam "ASVOE Mattersburg"]
[BlackTeam "SK Purbach"]

1. c4 Nc6 2. g3 e5 3. Bg2 Nf6 4. Nc3 g6 5. Nf3 Bg7 6. d4 d6 7. d5 Ne7 8. O-O
O-O 9. e4 Nh5 10. Ne1 a6 11. Nd3 f5 12. exf5 Bxf5 13. h3 Kh8 14. Be3 c5 15.
dxc6 bxc6 16. Kh2 Rc8 17. Qd2 Be6 18. b3 Nf5 19. Rad1 Nd4 20. f4 Nf5 21. Ne2
Bh6 22. Bf2 Ne7 23. Qb2 Bg7 24. fxe5 Rxf2 25. Rxf2 dxe5 26. Qd2 Qb6 27. Qb4 Qd8
28. Rff1 Nf5 29. Ndf4 Qe8 30. Nxh5 gxh5 31. Rd3 h4 32. g4 Nd4 33. Qd2 Rd8 34.
Nc3 Qe7 35. Ne4 Rf8 36. Qg5 Rxf1 37. Bxf1 Qxg5 38. Nxg5 Bg8 39. Ne4 h6 40. Bg2
Bf7 41. Rd1 a5 42. Nd6 Bg6 43. Be4 Bf8 44. Bxg6 Bxd6 45. Kg2 Kg7 46. Be4 Be7
47. Kf2 Bg5 48. Rb1 c5 49. Bd5 Kf6 50. a3 Bd2 51. Kg2 Kg5 52. Rb2 Bc1 53. Rb1
Bxa3 54. Re1 Kf6 55. Rf1+ Kg6 56. Re1 Kf6 57. Rf1+ 1/2-1/2